000 00704nam a22001817a 4500
999 _c15706
_d15706
003 AR-CdUCM
008 190429b ||||| |||| 00| 0 spa d
040 _aMUNICIPALIDAD PROVINCIAL DEL CUSCO
_cBIBLIOTECA MUNICIPAL DEL CUSCO
082 _aC / 050.398 /
_bC43
110 _aCentro de estudios andinos Cuzco
_934874
245 _aAntropología Andina /
260 _aCusco :
_bCEA,
_c1976.
300 _a183 páginas ;
_c21 cm.
505 _aReligión e imperio en el Perú antiguo -- Nuevos datos sobre la población -- Nuevos datos sobre la población Yana Tahuantinsuyo -- El uso del idioma en San Jeronimo del Cuzco...
650 _aEstudios andinos.
_934875
942 _2ddc
_cLIBROS
945 _awfj